000 00598nam a2200229Ia 4500
003 OSt
005 20220928140453.0
006 a|||||r|||| 00| 0
007 ta
008 220927b |||||||| |||| 00| 0 eng d
024 _a8566
037 _cTextual
040 _aSDCL
_cSDCL
_beng
041 _2eng
_aeng
082 _aB280bSigma, L9
100 _aIrvine John
_9493005
245 0 _aDemystifying social statistics .
260 _c1979
700 _a Miles Ian Ed.
_9476576
942 _hB280bSigma, L9
_cTEXL
_2CC
999 _c811467
_d811467